000 00595nam a22002297a 4500
003 OSt
005 20140310183028.0
008 130218t xxu||||| |||| 00| 0 eng d
020 _a971-06-1773-7
050 _aDS675.8
_b.R627 1999
082 _aFIL 809.83
_bR52 1999
245 _aEl Filibusterismo ni Jose P. Rizal
_cBandril, Lolita
260 _aQuezon City
_bPhoenix Pub. House
_c1988
300 _a266 p.
_c26 cm
521 _acollege students
526 _c1210L-1700L
541 _j1
541 _j2
541 _j3
562 _e3
942 _2lcc
_cBK
_kFIL
999 _c18423
_d18423